Adivinhe todos os campeões da história da Libertadores - Statistics

Estatísticas Gerais
  • Esse quiz foi jogado 73 vezes
  • A pontuação média é 60 de 65
Estatísticas das Respostas
Hint Resposta % Correto
1977 Boca Juniors
100%
1978 Boca Juniors
100%
2000 Boca Juniors
100%
2001 Boca Juniors
100%
2003 Boca Juniors
100%
2007 Boca Juniors
100%
2024 Botafogo
100%
1981 Flamengo
100%
2019 Flamengo
100%
2022 Flamengo
100%
2023 Fluminense
100%
1983 Grêmio
100%
1995 Gremio
100%
2017 Grêmio
100%
1999 Palmeiras
100%
2020 Palmeiras
100%
2021 Palmeiras
100%
1992 São Paulo
100%
1993 São Paulo
100%
2005 São Paulo
100%
2012 Corinthians
98%
1986 River Plate
98%
1996 River Plate
98%
2015 River Plate
98%
2018 River Plate
98%
1962 Santos
98%
1963 Santos
98%
2011 Santos
98%
2006 Internacional
97%
2010 Internacional
97%
2013 Atlético Mineiro
95%
1976 Cruzeiro
95%
1997 Cruzeiro
95%
2008 LDU
92%
1998 Vasco
92%
1989 Atlético Nacional
90%
2016 Atlético Nacional
90%
1971 Nacional
90%
1980 Nacional
90%
1988 Nacional
90%
1960 Peñarol
90%
1961 Peñarol
90%
1966 Peñarol
90%
1982 Peñarol
90%
1987 Peñarol
90%
1964 Independiente
89%
1965 Independiente
89%
1972 Independiente
89%
1973 Independiente
89%
1974 Independiente
89%
1975 Independiente
89%
1984 Independiente
89%
1979 Olimpia
87%
1990 Olimpia
87%
2002 Olimpia
87%
1968 Estudiantes
86%
1969 Estudiantes
86%
1970 Estudiantes
86%
2009 Estudiantes
86%
2014 San Lorenzo
84%
2004 Once Caldas
78%
1967 Racing
78%
1991 Colo-Colo
73%
1994 Velez
68%
1985 Argentinos Juniors
59%
Nenhum quiz correspondente encontrado
Distribuição das Pontuações
Porcentagem de Pessoas com Cada Pontuação
Percentil de Números Respondidos
Sua Pontuação Histórica
Você não jogou esse quiz